000 00833nam a2200217 a 4500
001 1104389
003 AM-YEHGA
005 20250714130740.0
008 170223s2016 ai a||||||||||000|1|arm|d
020 _a978-9939-70-193-6
040 _aAM-YEHGA
041 0 _aarm
100 1 _aԽաչատուր, Գևորգ Խորենի,
_d1940-
_93603
245 1 0 _aԲանաստեղծություններ :
_bԸնտրանի 2 : (Հոբելյանական) /
_cԳ.Խ. Խաչատուր ; Հրատարակիչ-խմբագիր՝ Վան Արյան.
260 _aԵրևան :
_bՎան Արյան,
_c2016.
300 _a354 էջ :
_bնկար ;
_c20 սմ.
650 1 4 _aՀայ պոեզիա
_94512
700 1 _aԱրյան, Վան Արշալույսի,
_d1949-
_eխմբագիր
_4edt
_eհրատարկիչ
_4pbl
_92865
901 _aNLAACAAS
942 _2udc
_cBK
999 _c534800
_d534800